[Event "HUN-chT4a 1819"]
[Site "Hungary"]
[Date "2018.12.08"]
[Round "4.4"]
[White "Horvath, Tibor"]
[Black "Szanto, Daniel"]
[Result "1-0"]
[WhiteElo "1858"]
[BlackElo "1056"]
[PlyCount "55"]
[EventDate "2018.10.06"]
[EventType "team-tourn"]
[EventRounds "9"]
[EventCountry "HUN"]
[SourceTitle "EXT 2020"]
[Source "ChessBase"]
[SourceDate "2019.10.17"]
[SourceVersion "1"]
[SourceVersionDate "2019.10.17"]
[SourceQuality "1"]
[WhiteTeam "KSE Level"]
[BlackTeam "Janossomorja II"]
[WhiteTeamCountry "HUN"]
[BlackTeamCountry "HUN"]

1. d4 d5 2. e4 e6 3. Nc3 f6 4. Bd3 Nc6 5. Nf3 h6 6. exd5 exd5 7. Bg6+ Ke7 8. 0-0 Bg4 9. Re1+ Kd7 10. Nxd5 Kc8 11. Re8 Qxe8 12. Bxe8 Bd6 13. c3 Nge7 14. Bxc6 Nxc6 15. h3 Bxf3 16. Qxf3 Re8 17. Qf5+ Kb8 18. Bf4 Bxf4 19. Qxf4 a6 20. Qxc7+ Ka7 21. Qb6+ Kb8 22. Nc7 Rc8 23. Nxa8 Kxa8 24. Re1 Kb8 25. b4 Ne7 26. Rxe7 Rc7 27. Qxc7+ Ka7 28. Qxb7# 1-0